[Event "SLO-chT2 West"]
[Site "Kranj"]
[Date "2008.10.11"]
[Round "1.6"]
[White "Kamensek, Ivan"]
[Black "Udovic, Marko"]
[Result "1-0"]
[WhiteElo "1777"]
[BlackElo "1591"]
[PlyCount "71"]
[EventDate "2008.10.11"]
[EventType "team-swiss"]
[EventRounds "9"]
[EventCountry "SLO"]
[SourceTitle "EXT 2010"]
[Source "ChessBase"]
[SourceDate "2010.11.25"]
[SourceVersion "1"]
[SourceVersionDate "2010.11.25"]
[SourceQuality "1"]
[WhiteTeam "Upokojenci Komandant Stane"]
[BlackTeam "Sezana"]
[WhiteTeamCountry "SLO"]
[BlackTeamCountry "SLO"]

1. d4 d6 2. c4 Nf6 3. Nc3 g6 4. e4 Bg7 5. Be2 Nbd7 6. Nf3 0-0 7. Bg5 Re8 8. Qc2 e5 9. dxe5 Nxe5 10. Nxe5 Rxe5 11. f4 Re8 12. 0-0-0 Bd7 13. e5 dxe5 14. Bxf6 Bxf6 15. Bg4 Bxg4 16. Rxd8 Bxd8 17. Re1 c6 18. h3 Bf5 19. Qf2 Bd3 20. b3 Ba5 21. Kb2 e4 22. Qg3 f5 23. h4 b5 24. h5 Kg7 25. Rh1 bxc4 26. hxg6 hxg6 27. Qh4 cxb3 28. Qh7+ Kf6 29. Rh6 Rg8 30. Qd7 Bxc3+ 31. Kxc3 bxa2 32. Qd4+ Kf7 33. Rh7+ Rg7 34. Rxg7+ Kf8 35. Qf6+ Ke8 36. Qe7# 1-0